00513 2200193 4500001002100000005001500021035002000036007000300056008004100059020001800100082001000118084001600128100001100144245005000155260004500205300002400250650002400274990002100298INLIS00000000000039920220616080649 a0010-0622000059ta220616 0 ind  a9786021143391 a155.2 a155.2 WAS p0 aWasini1 aPendidikan karakter bangsa 17 : peduli sosial aJakarta :bMustika Pustaka Negeri,c2017 a72 :bilus ;c29 cm 4apendidikan karakter a317/smpn7/sby/18